| 000 | 00606nam a2200193Ia 4500 | ||
|---|---|---|---|
| 008 | 190805s9999||||xx |||||||||||||| ||und|| | ||
| 020 |
_a9783642345975 _c 69.99 |
||
| 082 | 0 | 4 |
_a387.5 _bM8967 |
| 100 | 1 | _aMukherjee, Proshanto K. | |
| 245 | 1 | 0 |
_aFarthing on International Shipping / _cProshanto K. Mukherjee and Mark Brownrigg |
| 250 | _a4th ed. | ||
| 260 |
_aHeildelberg : _bSpringer, _c2013 |
||
| 300 |
_axxix, 411 p. _b : _c; 24 cm. |
||
| 490 | 0 | 0 |
_aWMU studies in maritime affairs ; _v1 |
| 650 | 0 |
_aShipping _xGovernment policy |
|
| 700 | 1 | _aBrownrigg, Mark | |
| 942 | _cRT | ||
| 999 |
_c294 _d294 |
||